<?xml version="1.0" encoding="UTF-8"?>
<collection xmlns="http://www.loc.gov/MARC21/slim">
  <record>
    <leader>00000nam  2200000   4500</leader>
    <controlfield tag="001">INLIS000000000020476</controlfield>
    <controlfield tag="005">20250701114428</controlfield>
    <datafield tag="035" ind1="#" ind2="#">
      <subfield code="a">0010-0725000006</subfield>
    </datafield>
    <controlfield tag="007">ta</controlfield>
    <controlfield tag="008">250701################g##########0#ind##</controlfield>
    <datafield tag="020" ind1="#" ind2="#">
      <subfield code="a">979 518 758 9</subfield>
    </datafield>
    <datafield tag="082" ind1="#" ind2="#">
      <subfield code="a">370.14</subfield>
    </datafield>
    <datafield tag="084" ind1="#" ind2="#">
      <subfield code="a">370.14 GUN s</subfield>
    </datafield>
    <datafield tag="100" ind1=" " ind2="#">
      <subfield code="a">Gunawan, Ary H.</subfield>
    </datafield>
    <datafield tag="245" ind1="1" ind2="#">
      <subfield code="a">Sosiologi Pendidikan :</subfield>
      <subfield code="b">Suatu Analisis Sosiologi tentang Pelbagai Problem Pendidikan /</subfield>
      <subfield code="c">Ary H. Gunawan</subfield>
    </datafield>
    <datafield tag="250" ind1="#" ind2="#">
      <subfield code="a">Cetakan ke 1</subfield>
    </datafield>
    <datafield tag="260" ind1="#" ind2="#">
      <subfield code="a">Jakarta :</subfield>
      <subfield code="b">Rineka Cipta,</subfield>
      <subfield code="c">2000</subfield>
    </datafield>
    <datafield tag="300" ind1="#" ind2="#">
      <subfield code="a">ix, 187 halaman :</subfield>
      <subfield code="b">ilus ;</subfield>
      <subfield code="c">20 cm</subfield>
    </datafield>
    <datafield tag="650" ind1="#" ind2="4">
      <subfield code="a">Sosiologi Pendidikan</subfield>
    </datafield>
    <datafield tag="520" ind1="#" ind2="#">
      <subfield code="a">Isi buku ini memberi pengetahuan dasar untuk dapat menyelesaikan problem-problem yang dihadapi dalam tugas kependidikan bagi para guru,  di sekolah khususnya dan masyarakat pada umumnya. &#13;
Materi di dalamnya terbagi atas sosiologi umum dan sosiologi pendidikan, di antaranya menguraikan tentang sosiologi, kebudayaan, lembaga sosial: ciri dan tipenya, proses sosial, interaksi sosial, sosiologi pendidikan, kepribadian anak dalam pusat pendidikan, masalah putus sekolah, pengangguran, dan kenakalan anak atau remaja. &#13;
&#13;
Selain bermanfaat bagi para guru juga dapat dimanfaatkan bagi mahasiswa calon guru sebagai bekal menghadapi lapangan pendidikan, dan bagi praktisi kependidikan lainnya.</subfield>
    </datafield>
    <datafield tag="990" ind1="#" ind2="#">
      <subfield code="a">0094831</subfield>
    </datafield>
  </record>
</collection>
